LEADER 01237nam a2200301 i 4500 001 991001126519707536 005 20020502184001.0 008 000113s1998 it ||| | ita 020 $a887802855X$c38000 035 $ab11467551-39ule_inst 035 $aPRUMB55397$9ExL 040 $aDUSS - Diploma Universitario in Servizio Sociale$bita 082 0 $a305.23509452 110 2 $aIARD$c$0250935 245 10$aEssere giovani in Lombardia :$buna generazione fra Italia ed Europa :$brapporto Regione Lombardia, IARD /$ca cura di Carlo Buzzi 260 $aMilano :$bGuerini e Associati,$c1998 300 $a209 p. ;$c24 cm. 500 $aIndagine realizzata dall'Associazione IARD per conto della Regione Lombardia 500 $aSegue: Appendice statistico-metodologica, di Antonella Volino 650 4$aGiovani$zLombardia$xInchieste 700 1 $aBuzzi, Carlo 710 2 $aLombardia 907 $a.b11467551$b06-09-16$c01-07-02 912 $a991001126519707536 945 $aLE024 SOC/D SR V 25$g1$i2024000018535$lle021$nex DUSS$o-$pE0.00$q-$rl$s- $t0$u0$v0$w0$x0$y.i1165658x$z01-07-02 996 $aEssere giovani in Lombardia$9516561 997 $aUNISALENTO 998 $ale021$b01-01-00$cm$da $e-$fita$git $h0$i1 LEADER 00975nam a2200253 i 4500 001 991001943709707536 005 20020507154233.0 008 000614s1981 it ||| | ita 020 $a8870625206 035 $ab11586801-39ule_inst 035 $aLE02727837$9ExL 040 $aDip.to Studi Giuridici$bita 084 $aR-VI/B 100 1 $aDe Robertis, Francesco M.$0187089 245 13$aIl fenomeno associativo nel mondo romano :$bdai Collegi della Repubblica alle Corporazioni del Basso Impero /$cFrancesco M. De Robertis 260 $aRoma :$bL'Erma di Bretschneider,$c1981 300 $a262 p. ;$c24 cm. 490 0 $aStudia historica ;$v126 907 $a.b11586801$b01-03-17$c02-07-02 912 $a991001943709707536 945 $aLE027 R-VI/B 3$g1$iLE027CL-1597$lle027$o-$pE0.00$q-$rl$s- $t0$u0$v0$w0$x0$y.i11795724$z02-07-02 996 $aFenomeno associativo nel mondo romano$9521157 997 $aUNISALENTO 998 $ale027$b01-01-00$cm$da $e-$fita$git $h3$i1